000 00981nam a2200253 a 4500
001 14018
003 BD-JhCC
005 20240523140038.0
008 180908s2004 bg |||| |||| 000 0 ben d
020 _a98407443221
035 _a(BD-JhCC)14018
040 _aBD-JhCC
_dBD-JhCC
041 _aben
082 _a301.295492
_bHOL 2004
100 _a হোলজ্,হানস্ হাইনজ্
245 _aসমাজ দর্শন ও পরিবর্তন /
_cহানস্ হাইনজ্ হোলজ্ অনু: হাসানুজ্জামান চৌধুরী ।
260 _aঢাকা :
_bবাংলাে একাডেমী;
_c২০০৪.
300 _a207 p. :
_c22 cm.
650 _aSociety, Civilization and Culture: Context Bangladesh
650 _aStudies and Essays on Society, Civilization and Culture
700 _aচৌধুরী , হাসানুজ্জামান
942 _2ddc
_cBK
999 _c14018
_d14018